Top 10 Origin Countries of Tourists to Canada - Statistics

General Stats
  • This quiz has been taken 402 times
  • The average score is 9 of 10
Answer Stats
Visitors Country % Correct
22.0 mil United States
100%
507,627  France
99%
733,280  United Kingdom
97%
511,234  China
96%
204,756  Mexico
95%
343,716  Germany
92%
294,934  Japan
91%
200,094  India
83%
307,123  Australia
81%
204,741  South Korea
74%
No matching quizzes found
Score Distribution
Percent of People with Each Score
Percentile by Number Answered
Your Score History
You have not taken this quiz